UBT Library

The Microeconomic foundations of macroeconomics : (Record no. 41358)

000 -LEADER
fixed length control field 00621cam a2200205 i 4500
001 - CONTROL NUMBER
control field 1774649
005 - DATE AND TIME OF LATEST TRANSACTION
control field 20180131045955.0
008 - FIXED-LENGTH DATA ELEMENTS--GENERAL INFORMATION
fixed length control field 770222s1977 coua 101 0 eng
010 ## - LIBRARY OF CONGRESS CONTROL NUMBER
LC control number 77002659
020 ## - INTERNATIONAL STANDARD BOOK NUMBER
International Standard Book Number 0891587306
040 ## - CATALOGING SOURCE
Original cataloging agency DLC
Transcribing agency DLC
Modifying agency DLC
041 ## - LANGUAGE CODE
Language code of text/sound track or separate title eng
080 ## - UNIVERSAL DECIMAL CLASSIFICATION NUMBER
Universal Decimal Classification number 330 HAR
082 00 - DEWEY DECIMAL CLASSIFICATION NUMBER
Classification number 330 HAR
100 ## - Rafti
Rafti 52
101 ## - Shkurtesa
Shkurtesa MIK
245 04 - TITLE STATEMENT
Title The Microeconomic foundations of macroeconomics :
Statement of responsibility, etc edited by G. C. Harcourt.
906 ## - LOCAL DATA ELEMENT F, LDF (RLIN)
a 7
b cbc
c orignew
d 1
e ocip
f 19
g y-gencatlg
942 ## - ADDED ENTRY ELEMENTS (KOHA)
Source of classification or shelving scheme
Item type Books
Holdings
Withdrawn status Lost status Source of classification or shelving scheme Damaged status Not for loan Collection code Permanent location Current location Shelving location Date acquired Total Checkouts Full call number Barcode Date last seen Price effective from Koha item type
          Koleksioni i përgjithshem UBT - Lipjan UBT - Lipjan Koleksioni i përgjithshem 01/31/2018   330 HAR 002-2996820 01/31/2018 01/31/2018 Books
UBT Library © 2015-2024. All rights reserved University Education for Business and Technology